Country Names: Rare Last Letters - Statistics

General Stats
  • This quiz has been taken 1,032 times
    191 since last reset
  • The average score is 9 of 16
Answer Stats
Last Letter Answer % Correct
Q Iraq
91%
K Denmark
64%
H Bangladesh
62%
L Senegal
62%
L Portugal
60%
M Vietnam
58%
G Luxembourg
56%
L Nepal
55%
L Israel
52%
T Kuwait
51%
L Brazil
49%
C Dominican Republic
48%
C Central African Republic
43%
M Belgium
42%
T Egypt
40%
M United Kingdom
40%
No matching quizzes found
Score Distribution
Percent of People with Each Score
Percentile by Number Answered
Your Score History
You have not taken this quiz since the last reset